Music Quiz

Random Music or Song Quiz
Score 0/24 Timer 05:00
10 Plays Today
% Correct
Johnny Cash
92.3%
Miley Cyrus
92%
Coldplay
88.8%
Phil Collins
88.5%
The Clash
87.7%
Culture Club
87.2%
Kelly Clarkson
86.5%
Bing Crosby
86.3%
Alice Cooper
85.9%
Eric Clapton
84%
Mariah Carey
83.7%
Creedence Clearwater Revival
83.6%
% Correct
Tracy Chapman
81.3%
Cher
80.9%
Ray Charles
80.1%
The Cranberries
78.8%
Sheryl Crow
78.8%
C+C Music Factory
76.4%
Glen Campbell
74.5%
Commodores
73.5%
Carpenters
72.2%
Creed
68.7%
Chicago
68.7%
Captain & Tennille
67.2%
Remove Ads.
Support Sporcle.
Get the best of Sporcle when you Go Orange. This ad-free experience offers more features, more stats, and more fun while also helping to support Sporcle. Thank you for becoming a member.

You're not logged in!

Compare scores with friends on all Sporcle quizzes.
OR
Log In

Show Comments

Extras

Top Quizzes Today


Score Distribution

Your Account Isn't Verified!

In order to create a playlist on Sporcle, you need to verify the email address you used during registration. Go to your Sporcle Settings to finish the process.

Report this User

Report this user for behavior that violates our Community Guidelines.

Details: